UBT Library

Personal finance / (Record no. 827)

000 -LEADER
fixed length control field 00643nam a22002177a 4500
008 - FIXED-LENGTH DATA ELEMENTS--GENERAL INFORMATION
fixed length control field 150519b xxu||||| |||| 00| 0 eng d
020 ## - INTERNATIONAL STANDARD BOOK NUMBER
International Standard Book Number 9780073530697
041 0# - LANGUAGE CODE
Language code of text/sound track or separate title eng
080 ## - UNIVERSAL DECIMAL CLASSIFICATION NUMBER
Universal Decimal Classification number 336
100 ## - Rafti
Rafti Kapoor, Jack R.,
100 ## - Rafti
-- 1937-
245 #0 - TITLE STATEMENT
Title Personal finance /
Statement of responsibility, etc Jack R. Kapoor, Les R. Dlabay, Robert J. Hughes.
250 ## -
-- 10th ed.
260 ## -
-- New York, NY :
-- McGraw-Hill/Irwin,
-- c2012.
300 ## -
-- 666 f.:
-- me il,;
-- 29 cm.
500 ## -
-- Includes bibliographical references and index.
650 0# -
-- Financa personale
650 0# -
-- Investime
700 ## -
-- Dlabay, Les R.
700 ## -
-- Hughes, Robert James,
942 ## - ADDED ENTRY ELEMENTS (KOHA)
Source of classification or shelving scheme
Item type Books
Holdings
Withdrawn status Lost status Source of classification or shelving scheme Damaged status Not for loan Collection code Permanent location Current location Shelving location Date acquired Total Checkouts Full call number Barcode Date last seen Koha item type Price effective from
          Koleksioni i përgjithshem UBT - Lipjan UBT - Lipjan Koleksioni i përgjithshem 05/19/2015   336 KAP 002-008666 10/27/2017 Books  
          Koleksioni i përgjithshem UBT - Lipjan UBT - Lipjan Koleksioni i përgjithshem 10/27/2017   336 KAP 002-2934505 10/27/2017 Books 10/27/2017
          Koleksioni i përgjithshem UBT - Lipjan UBT - Lipjan Koleksioni i përgjithshem 10/27/2017   336 KAP 002-2934500 10/27/2017 Books 10/27/2017
          Koleksioni i përgjithshem UBT - Lipjan UBT - Lipjan Koleksioni i përgjithshem 10/27/2017   336 KAP 002-2934495 10/27/2017 Books 10/27/2017
          Koleksioni i përgjithshem UBT - Lipjan UBT - Lipjan Koleksioni i përgjithshem 10/27/2017   336 KAP 002-2934485 10/27/2017 Books 10/27/2017
          Koleksioni i përgjithshem UBT - Lipjan UBT - Lipjan Koleksioni i përgjithshem 10/27/2017   336 KAP 002-2934480 10/27/2017 Books 10/27/2017
          Koleksioni i përgjithshem UBT - Lipjan UBT - Lipjan Koleksioni i përgjithshem 10/27/2017   336 KAP 002-2934506 10/27/2017 Books 10/27/2017
          Koleksioni i përgjithshem UBT - Lipjan UBT - Lipjan Koleksioni i përgjithshem 10/27/2017   336 KAP 002-2934501 10/27/2017 Books 10/27/2017
          Koleksioni i përgjithshem UBT - Lipjan UBT - Lipjan Koleksioni i përgjithshem 10/27/2017   336 KAP 002-2934496 10/27/2017 Books 10/27/2017
          Koleksioni i përgjithshem UBT - Lipjan UBT - Lipjan Koleksioni i përgjithshem 10/27/2017   336 KAP 002-2934491 10/27/2017 Books 10/27/2017
          Koleksioni i përgjithshem UBT - Lipjan UBT - Lipjan Koleksioni i përgjithshem 10/27/2017   336 KAP 002-2934486 10/27/2017 Books 10/27/2017
          Koleksioni i përgjithshem UBT - Lipjan UBT - Lipjan Koleksioni i përgjithshem 10/27/2017   336 KAP 002-2934481 10/27/2017 Books 10/27/2017
          Koleksioni i përgjithshem UBT - Lipjan UBT - Lipjan Koleksioni i përgjithshem 10/27/2017   336 KAP 002-2934510 10/27/2017 Books 10/27/2017
          Koleksioni i përgjithshem UBT - Lipjan UBT - Lipjan Koleksioni i përgjithshem 10/27/2017   336 KAP 002-2934515 10/27/2017 Books 10/27/2017
          Koleksioni i përgjithshem UBT - Lipjan UBT - Lipjan Koleksioni i përgjithshem 10/27/2017   336 KAP 002-2934550 10/27/2017 Books 10/27/2017
          Koleksioni i përgjithshem UBT - Lipjan UBT - Lipjan Koleksioni i përgjithshem 10/27/2017   336 KAP 002-2934555 10/27/2017 Books 10/27/2017
          Koleksioni i përgjithshem UBT - Lipjan UBT - Lipjan Koleksioni i përgjithshem 10/27/2017   336 KAP 002-2934560 10/27/2017 Books 10/27/2017
          Koleksioni i përgjithshem UBT - Lipjan UBT - Lipjan Koleksioni i përgjithshem 10/27/2017   336 KAP 002-2934565 10/27/2017 Books 10/27/2017
          Koleksioni i përgjithshem UBT - Lipjan UBT - Lipjan Koleksioni i përgjithshem 10/27/2017   336 KAP 002-2934511 10/27/2017 Books 10/27/2017
          Koleksioni i përgjithshem UBT - Lipjan UBT - Lipjan Koleksioni i përgjithshem 10/27/2017   336 KAP 002-2934516 10/27/2017 Books 10/27/2017
          Koleksioni i përgjithshem UBT - Lipjan UBT - Lipjan Koleksioni i përgjithshem 10/27/2017   336 KAP 002-2934551 10/27/2017 Books 10/27/2017
          Koleksioni i përgjithshem UBT - Lipjan UBT - Lipjan Koleksioni i përgjithshem 10/27/2017   336 KAP 002-2934556 10/27/2017 Books 10/27/2017
          Koleksioni i përgjithshem UBT - Lipjan UBT - Lipjan Koleksioni i përgjithshem 10/27/2017   336 KAP 002-2934561 10/27/2017 Books 10/27/2017
          Koleksioni i përgjithshem UBT - Lipjan UBT - Lipjan Koleksioni i përgjithshem 10/27/2017   336 KAP 002-2934566 10/27/2017 Books 10/27/2017
          Koleksioni i përgjithshem UBT - Lipjan UBT - Lipjan Koleksioni i përgjithshem 10/27/2017   336 KAP 002-2934512 10/27/2017 Books 10/27/2017
          Koleksioni i përgjithshem UBT - Lipjan UBT - Lipjan Koleksioni i përgjithshem 10/27/2017   336 KAP 002-2934517 10/27/2017 Books 10/27/2017
          Koleksioni i përgjithshem UBT - Lipjan UBT - Lipjan Koleksioni i përgjithshem 10/27/2017   336 KAP 002-2934552 10/27/2017 Books 10/27/2017
          Koleksioni i përgjithshem UBT - Lipjan UBT - Lipjan Koleksioni i përgjithshem 10/27/2017   336 KAP 002-2934557 10/27/2017 Books 10/27/2017
          Koleksioni i përgjithshem UBT - Lipjan UBT - Lipjan Koleksioni i përgjithshem 10/27/2017   336 KAP 002-2934562 10/27/2017 Books 10/27/2017
          Koleksioni i përgjithshem UBT - Lipjan UBT - Lipjan Koleksioni i përgjithshem 10/27/2017   336 KAP 002-2934567 10/27/2017 Books 10/27/2017
UBT Library © 2015-2024. All rights reserved University Education for Business and Technology